[Event "ROM-ch U10"]
[Site "Calimanesti"]
[Date "2014.04.11"]
[Round "7"]
[White "Ionescu, Luca"]
[Black "Circiumaru, Octavian Cristian"]
[Result "0-1"]
[WhiteElo "1001"]
[BlackElo "1001"]
[PlyCount "54"]
[EventDate "2014.04.06"]
[EventType "swiss"]
[EventRounds "9"]
[EventCountry "ROU"]
[SourceTitle "CBM 160 Extra"]
[Source "ChessBase"]
[SourceDate "2014.07.01"]
[SourceVersion "1"]
[SourceVersionDate "2014.07.01"]
[SourceQuality "1"]

1. e4 e5 2. Nf3 Nc6 3. Nc3 Bc5 4. Nxe5 Qf6 5. Nf3 d6 6. d4 Nxd4 7. Be3 Nxf3+ 8. gxf3 Bxe3 9. fxe3 Qh4+ 10. Ke2 Nf6 11. Rg1 0-0 12. Kd3 Nd7 13. Qd2 Nc5+ 14. Kc4 Be6+ 15. Kb4 c6 16. Ka3 b5 17. b4 Nd7 18. Qg2 g6 19. f4 f5 20. exf5 Bxf5 21. e4 Qxf4 22. exf5 Qxf5 23. Bd3 Qe6 24. Rae1 Qf7 25. Rgf1 Qg7 26. Ne4 d5 27. Ng5 Qc3# 0-1

[Event "ROM-ch U10"]
[Site "Calimanesti"]
[Date "2014.04.09"]
[Round "5"]
[White "Chiorescu, Vlad"]
[Black "Circiumaru, Octavian Cristian"]
[Result "1-0"]
[WhiteElo "1205"]
[BlackElo "1001"]
[PlyCount "105"]
[EventDate "2014.04.06"]
[EventType "swiss"]
[EventRounds "9"]
[EventCountry "ROU"]
[SourceTitle "CBM 160 Extra"]
[Source "ChessBase"]
[SourceDate "2014.07.01"]
[SourceVersion "1"]
[SourceVersionDate "2014.07.01"]
[SourceQuality "1"]

1. e4 e5 2. Nf3 Nc6 3. Nc3 Bc5 4. Nxe5 Nxe5 5. d4 Bb4 6. dxe5 Bxc3+ 7. bxc3 f6 8. Be2 fxe5 9. 0-0 Nf6 10. Bg5 0-0 11. f4 exf4 12. Rxf4 h6 13. Bxf6 Rxf6 14. Rg4 d6 15. Rg3 Qe7 16. Qe1 Qe6 17. Bg4 Qf7 18. Bf3 Rg6 19. Bh5 Qe7 20. Rxg6 Qe5 21. Qh4 Bd7 22. Rb1 Qxc3 23. Bg4 Be8 24. Re6 Bd7 25. Re7 Ba4 26. Qh5 Qd4+ 27. Kh1 Qf6 28. Re8+ Rxe8 29. Qd5+ Kf8 30. Kg1 Bxc2 31. Rf1 Qxf1+ 32. Kxf1 Rxe4 33. Bd1 Rf4+ 34. Ke2 Rf5 35. Qxb7 Re5+ 36. Kf2 Rf5+ 37. Kg1 Bd3 38. Qc8+ Kf7 39. Qxc7+ Kg6 40. Qxd6+ Rf6 41. Qxd3+ Kf7 42. Qd7+ Kg6 43. Qxa7 Rf7 44. Qb6+ Rf6 45. Qb1+ Rf5 46. g4 Kf6 47. Qxf5+ Ke7 48. a4 Kd6 49. a5 Kc6 50. Qe6+ Kb7 51. a6+ Ka7 52. Qc6 Kb8 53. Qb7# 1-0

[Event "ROM-ch U10"]
[Site "Calimanesti"]
[Date "2014.04.06"]
[Round "1"]
[White "Circiumaru, Octavian Cristian"]
[Black "Toma, Traian"]
[Result "0-1"]
[WhiteElo "1001"]
[BlackElo "1370"]
[PlyCount "86"]
[EventDate "2014.04.06"]
[EventType "swiss"]
[EventRounds "9"]
[EventCountry "ROU"]
[SourceTitle "CBM 160 Extra"]
[Source "ChessBase"]
[SourceDate "2014.07.01"]
[SourceVersion "1"]
[SourceVersionDate "2014.07.01"]
[SourceQuality "1"]

1. e4 e5 2. Nf3 Nc6 3. Bb5 d6 4. Bxc6+ bxc6 5. Nc3 Nf6 6. d3 Be7 7. 0-0 0-0 8. Bg5 h6 9. Bxf6 Bxf6 10. Re1 Bg4 11. h3 Bh5 12. Qe2 d5 13. exd5 cxd5 14. g4 Bg6 15. Rad1 Re8 16. Qf1 Qd7 17. d4 exd4 18. Rxe8+ Rxe8 19. Nxd4 c5 20. Nde2 d4 21. b3 Qe7 22. Nd5 Qxe2 23. Nxf6+ gxf6 24. Qxe2 Rxe2 25. Rd3 Bxd3 26. cxd3 Rd2 27. Kg2 Rxd3 28. f3 Rd2+ 29. Kg3 d3 30. a4 Rg2+ 31. Kxg2 d2 32. Kg3 d1Q 33. a5 Qg1+ 34. Kh4 Qf2+ 35. Kh5 Qe3 36. Kh4 h5 37. Kg3 Qxb3 38. gxh5 c4 39. a6 c3 40. Kg4 c2 41. Kf4 c1Q+ 42. Kg3 Qbe3 43. Kh4 Qf4# 0-1